| 000 | 00566nam a2200217Ia 4500 | ||
|---|---|---|---|
| 005 | 20260429111846.0 | ||
| 008 | 260429s9999||||xx |||||||||||||| ||und|| | ||
| 020 | _a9789384726188 | ||
| 041 | _aEnglish | ||
| 082 |
_a539.72 _bJAI |
||
| 100 | _aJain, Vimal Kumar | ||
| 245 | 0 |
_aNuclear and particle physics / _cVimal Kumar Jain |
|
| 250 | _a1st ed. | ||
| 260 |
_aNew Delhi : _bAne Books, _c2025. |
||
| 300 | _axiii, 356 p.; hb | ||
| 650 | _a Atomic physics | ||
| 650 | _a Nuclear physics | ||
| 650 | _a Particle physics | ||
| 650 | _aPhysics | ||
| 942 | _cTB | ||
| 999 |
_c51172 _d51172 |
||